01484cam a22003857a 4500003000500000005001700005008004100022010001000063011001000073035001000083040000900093090001000102100004100112245008500153260004200238300001100280500001100291502008300302590003700385590004100422590004100463590004100504590004100545590004200586650003100628650003100659650003400690901000700724942000900731949004200740949004700782999001700829952012500846952012700971CHAP20220329141541.0971013s1988 r 00010 d a70032 a71004 a80558 cCHAP aTesis00aCarrillo González, Rogelio.91949213aEl uso de las cenizas domésticas como mejorador de suelos, en Atenco, México aMontecillo, Méx. :bEl autor,c1988 a143 h. aD19-65 aTesis (Maestro en Ciencias Esp. en Edafología) -- CP. Centro de Edafología aALEPHb10c20130110lUCH01h1410 aBATCH-UPDb10c20130110lUCH01h0131 aBATCH-UPDb10c20130110lUCH01h1914 aBATCH-UPDb10c20130410lUCH01h1241 aBATCH-UPDb10c20130914lUCH01h0902 aCONVERSIONb10c20130109lUCH01h133814aCenizas como abono.92098014aSuelos arcillosos.911053414aSuelosxMejoramiento.9110431 aBK cFOLL bBCcTESd-33462eTS1h20933i80558si bBCcTESd-96064eTS2fc.2h20934i80558si c70032d70032 00102local4053708TESISaBCbBCcPA_TESISd2019-12-31fTESISl0p-96064r2019-12-31 00:00:00tc.2w2019-12-31yTESIS 00102local4051708TESISaBCbBCcPA_TESISd2019-12-31fTESISl0oTesisp-33462r2019-12-31 00:00:00w2019-12-31yTESIS